Congreso de agricultores celebrado en Madrid en el año de 1902 / (Record no. 57529)

MARC details
000 -LEADER
campo de control de longitud fija 00656nam a2200169 i 4500
001 - NÚMERO DE CONTROL
campo de control 57529
003 - IDENTIFICADOR DE NÚMERO DE CONTROL
campo de control ES-MaACL
005 - FECHA Y HORA DE LA ÚLTIMA TRANSACCIÓN
campo de control 20230906163609.0
007 - CAMPO FIJO DE DESCRIPCIÓN FÍSICA--INFORMACIÓN GENERAL
campo de control de longitud fija t|
008 - DATOS DE LONGITUD FIJA--INFORMACIÓN GENERAL
campo de control de longitud fija 031016s1902 sp ||||1| spa d
100 1# - ENTRADA PRINCIPAL--NOMBRE DE PERSONA
Nombre de persona Domínguez, Lorenzo.
9 (RLIN) 45168
245 10 - MENCIÓN DEL TÍTULO
Título Congreso de agricultores celebrado en Madrid en el año de 1902 /
Mención de responsabilidad, etc. discurso pronunciado en la sesión de la tarde del 3 de Junio por el Excmo. Sr. D. Lorenzo Dominguez Senador del Reino en apoyo de la conclusiones presentadas por el mismo.
260 ## - PUBLICACIÓN, DISTRIBUCIÓN, ETC.
Lugar de publicación, distribución, etc. Madrid :
Nombre del editor, distribuidor, etc. Antonio Marzo,
Fecha de publicación, distribución, etc. 1902.
300 ## - DESCRIPCIÓN FÍSICA
Extensión 43 p. ;
Dimensiones 18 cm.
650 04 - PUNTO DE ACCESO ADICIONAL DE MATERIA--TÉRMINO DE MATERIA
Término de materia o nombre geográfico como elemento de entrada Agricultura-
Subdivisión geográfica España.
9 (RLIN) 9680
852 ## - LOCALIZACIÓN
Ubicación ES-MaACL
Número de control de estantería T-1006-F-3
Holdings
Estatus retirado Estado de pérdida Estado de daño No para préstamo Colección Biblioteca de origen Biblioteca actual Ubicación en estantería Fecha de adquisición Fuente de adquisición Total de préstamos Signatura topográfica completa Código de barras Visto por última vez Precio de reemplazo Tipo de ítem Koha
        Colección de folletos Biblioteca del Ateneo de Madrid Biblioteca del Ateneo de Madrid Depósito folletos 17/01/2008     T-1006-F-3 1060392 23/02/2023 23/02/2023 Folleto